[Event "DVM U20 2012"]
[Site "Osnabrück GER"]
[Date "2012.12.27"]
[Round "2"]
[White "Wroblowski, Oliver"]
[Black "Thren, Christian"]
[Result "1-0"]
[Termination "normal"]
[Board "5.4"]
[WhiteElo "2088"]
[BlackElo "1530"]
[WhiteTeam "SG Solingen"]
[BlackTeam "Heilbronner SV"]
[WhiteFideId "24698679"]
[BlackFideId "12964344"]
[EventCountry "GER"]
[EventRounds "7"]
[EventType "team-swiss"]
[EventDate "2012.12.26"]

1. d4 Nf6 2. c4 e5 3. dxe5 Ng4 4. Bf4 Bc5 5. e3 h5 6. Nf3 Nc6 7. h3 Nh6 8. a3
a5 9. Nc3 Nf5 10. Ne4 Be7 11. Qd3 g6 12. Be2 Rg8 13. g4 hxg4 14. hxg4 Nh4 15.
Nxh4 Bxh4 16. g5 Rh8 17. Bg3 Qe7 18. Rxh4 Rxh4 19. Bxh4 Qxe5 20. Nf6+ Kd8 21.
O-O-O d6 22. f4 Qc5 23. Be1 Be6 24. Bc3 Kc8 25. Bd4 Nxd4 26. Qxd4 Qc6 27. Nd5
1-0

[Event "DVM U20 2012"]
[Site "Osnabrück GER"]
[Date "2012.12.27"]
[Round "2"]
[White "Müller, Richard"]
[Black "Winter, Philipp"]
[Result "1-0"]
[Termination "normal"]
[Board "6.2"]
[WhiteElo "2078"]
[BlackElo "1917"]
[WhiteTeam "TuS Coswig 1920"]
[BlackTeam "SC Heitersheim"]
[WhiteFideId "24647128"]
[BlackFideId "1270635"]
[EventCountry "GER"]
[EventRounds "7"]
[EventType "team-swiss"]
[EventDate "2012.12.26"]

1. d4 d5 2. c4 e6 3. Nc3 Nf6 4. cxd5 exd5 5. Bg5 Be7 6. Qc2 c6 7. e3 O-O 8. Bd3
Nbd7 9. Nf3 Re8 10. O-O h6 11. Bf4 Nb6 12. Ne5 Be6 13. h3 Bd6 14. Rab1 a5 15.
Rfc1 Nc8 16. Na4 Qc7 17. Nc5 Nd7 18. Bh7+ Kf8 19. Nxe6+ fxe6 20. Ng6+ Kf7 21.
Nh4 Bxf4 22. Bg6+ Ke7 23. Bxe8 Bh2+ 24. Kh1 Kxe8 25. Qg6+ Kf8 26. g3 Ne7 27.
Qxe6 Bxg3 28. fxg3 Qxg3 29. Qxd7 Qxh4 30. Rf1+ Kg8 31. Rf4 Qh5 32. Qxe7 Qxh3+
33. Kg1 Qg3+ 34. Kf1 Qh3+ 35. Ke2 Qh5+ 36. Kd2 Re8 37. Qh4 Qg6 38. Rbf1 Qd6 39.
a3 Qe6 40. Qg3 c5 41. Rf6 Qe4 42. Rg1 Re7 43. Rg6 1-0

[Event "DVM U20 2012"]
[Site "Osnabrück GER"]
[Date "2012.12.27"]
[Round "2"]
[White "Wendering, Leonard"]
[Black "Kieslich, Aaron"]
[Result "1/2-1/2"]
[Termination "normal"]
[Board "6.3"]
[WhiteElo "2009"]
[BlackElo "1995"]
[WhiteTeam "SC Heitersheim"]
[BlackTeam "TuS Coswig 1920"]
[WhiteFideId "1270637"]
[BlackFideId "1270391"]
[EventCountry "GER"]
[EventRounds "7"]
[EventType "team-swiss"]
[EventDate "2012.12.26"]

1. e4 c5 2. Nc3 Nc6 3. Bb5 Nd4 4. f4 a6 5. Bc4 g6 6. a4 d6 7. d3 Bg7 8. Nce2 e6
9. Nxd4 cxd4 10. Qe2 Ne7 11. Nf3 O-O 12. Bb3 Nc6 13. O-O Qc7 14. Qf2 e5 15. f5
gxf5 16. exf5 Bxf5 17. Nh4 Be6 18. Nf5 Bxb3 19. Bh6 f6 20. Bxg7 Rf7 21. cxb3
Rxg7 22. Nxg7 Qxg7 23. Qf5 Qe7 24. Rf3 Rf8 25. Raf1 Nb4 26. h4 Nd5 27. R1f2 Ne3
28. Qh3 Kh8 29. h5 f5 30. Rxf5 Rxf5 31. Rxf5 Nxf5 32. Qxf5 Kg7 33. g4 Qf6 34.
Qd7+ Kh6 35. Qxb7 Qf4 36. Qg2 d5 37. Qe2 Qg3+ 38. Kf1 1/2-1/2

[Event "DVM U20 2012"]
[Site "Osnabrück GER"]
[Date "2012.12.27"]
[Round "2"]
[White "Schopferer, Markus"]
[Black "Merker, Konstantin"]
[Result "0-1"]
[Termination "normal"]
[Board "6.5"]
[WhiteElo "1606"]
[BlackElo "1727"]
[WhiteTeam "SC Heitersheim"]
[BlackTeam "TuS Coswig 1920"]
[WhiteFideId "1270636"]
[BlackFideId "12964239"]
[EventCountry "GER"]
[EventRounds "7"]
[EventType "team-swiss"]
[EventDate "2012.12.26"]

1. g3 d5 2. Bg2 Nf6 3. d3 e5 4. e3 Be7 5. Nc3 Be6 6. Nge2 Nc6 7. O-O O-O 8. a3
a5 9. f4 Qd7 10. e4 Bc5+ 11. Kh1 Bh3 12. Ng1 Bxg2+ 13. Kxg2 Rad8 14. exd5 Nxd5
15. Ne4 Bb6 16. f5 f6 17. Qg4 Nd4 18. c4 Nc2 19. cxd5 Nxa1 20. Bh6 Nc2 21. Bd2
Qxd5 22. Bh6 Rd7 23. Nf3 Be3 24. Nxf6+ Rxf6 25. Bg5 Bxg5 26. Qxg5 Qxd3 27. Rf2
Rxf5 28. Qg4 Ne3+ 0-1

[Event "DVM U20 2012"]
[Site "Osnabrück GER"]
[Date "2012.12.27"]
[Round "2"]
[White "Strathoff, Jens"]
[Black "Saran, Bajar"]
[Result "1/2-1/2"]
[Termination "normal"]
[Board "7.1"]
[WhiteElo "2112"]
[BlackElo "1870"]
[WhiteTeam "Schachfreunde Brackel 1930"]
[BlackTeam "SV Schott Jena"]
[WhiteFideId "4699084"]
[BlackFideId "24674702"]
[EventCountry "GER"]
[EventRounds "7"]
[EventType "team-swiss"]
[EventDate "2012.12.26"]

1. e4 e5 2. Nf3 Nc6 3. Bc4 Bc5 4. c3 Nf6 5. d4 exd4 6. e5 Ne4 7. Bd5 f5 8. cxd4
Bb4+ 9. Bd2 Nxd2 10. Nbxd2 d6 11. e6 Qf6 12. O-O Bxd2 13. Qxd2 Ne7 14. Bb3 Bxe6
15. Bxe6 Qxe6 16. Rfe1 Qf6 17. Qe2 c6 18. d5 cxd5 19. Rac1 Kf7 20. Rc7 Rhe8 21.
Qd2 Kg6 22. Rxb7 h6 23. Rc1 Rac8 24. Rxc8 Rxc8 25. Rxa7 Nc6 26. Ra4 Ne5 27.
Nxe5+ dxe5 28. g3 Qc6 29. Ra5 Qc1+ 30. Qxc1 Rxc1+ 31. Kg2 Rc2 32. Rxd5 Rxb2 33.
Rxe5 1/2-1/2

[Event "DVM U20 2012"]
[Site "Osnabrück GER"]
[Date "2012.12.27"]
[Round "2"]
[White "van Klev, Fabian"]
[Black "Mauch, Johannes"]
[Result "1-0"]
[Termination "normal"]
[Board "7.5"]
[WhiteElo "1788"]
[BlackElo "1717"]
[WhiteTeam "Schachfreunde Brackel 1930"]
[BlackTeam "SV Schott Jena"]
[WhiteFideId "12964255"]
[BlackFideId "24696927"]
[EventCountry "GER"]
[EventRounds "7"]
[EventType "team-swiss"]
[EventDate "2012.12.26"]

1. Nf3 Nf6 2. d4 g6 3. c4 Bg7 4. Nc3 O-O 5. e4 d6 6. Be2 e5 7. O-O Nc6 8. d5
Ne7 9. b4 Nh5 10. Re1 f5 11. Ng5 Nf4 12. Bxf4 exf4 13. Rc1 Kh8 14. Bd3 Be5 15.
Nf3 Bg7 16. e5 dxe5 17. Nxe5 c6 18. Qb3 Bd7 19. d6 Nc8 20. c5 Bxe5 21. Rxe5 f3
22. Rce1 Qg5 23. g3 b6 24. Nd1 a5 25. cxb6 a4 26. b7 1-0

[Event "DVM U20 2012"]
[Site "Osnabrück GER"]
[Date "2012.12.27"]
[Round "2"]
[White "Köhler, Daniel"]
[Black "Raschkowski, Alexander"]
[Result "1/2-1/2"]
[Termination "normal"]
[Board "7.6"]
[WhiteElo "1564"]
[BlackElo "1727"]
[WhiteTeam "SV Schott Jena"]
[BlackTeam "Schachfreunde Brackel 1930"]
[BlackFideId "12964263"]
[EventCountry "GER"]
[EventRounds "7"]
[EventType "team-swiss"]
[EventDate "2012.12.26"]

1. e4 d5 2. exd5 Nf6 3. Nf3 Nxd5 4. d4 Nc6 5. Bb5 Bd7 6. O-O a6 7. Ba4 b5 8.
Bb3 Bg4 9. c3 e6 10. Re1 Be7 11. Nbd2 O-O 12. Nf1 Bd6 13. Bxd5 exd5 14. Ne3 Bh5
15. Nf5 Qf6 16. Nxd6 Qxd6 17. Qd3 Rfe8 18. Bd2 Bg6 19. Qf1 Be4 20. Re3 Ne7 21.
Ng5 Nf5 22. Re2 Nh4 23. Nxe4 dxe4 24. Rae1 Qg6 25. Kh1 f5 26. Bf4 c6 27. Bg3
Qg4 28. f3 Qg5 29. fxe4 fxe4 30. Bxh4 Qxh4 31. g3 Qe7 32. Qg2 Rf8 33. Rxe4 Qf7
34. b3 Qf3 35. R4e3 Qf2 36. R1e2 Qf1+ 37. Qxf1 Rxf1+ 38. Kg2 Ra1 39. Re6 Rc8
40. Kf2 Rc1 41. R6e3 Rf8+ 42. Kg2 h6 43. Kh3 Kh7 44. Rb2 Rf6 45. Rd2 Kg6 46. g4
Rcf1 47. Kg3 Rg1+ 48. Rg2 Rc1 49. h4 Kf7 50. g5 hxg5 51. hxg5 Rf5 52. Kg4 Rcf1
53. Kh4 R1f4+ 54. Rg4 Rf2 55. a4 R5f3 56. Rxf3+ Rxf3 57. Rg3 Rf4+ 58. Kh3 Kg6
59. axb5 axb5 60. Kg2 Rf5 61. c4 bxc4 62. bxc4 1/2-1/2

[Event "DVM U20 2012"]
[Site "Osnabrück GER"]
[Date "2012.12.27"]
[Round "2"]
[White "Arndt, Dominik"]
[Black "Carow, Johannes"]
[Result "0-1"]
[Termination "normal"]
[Board "8.1"]
[WhiteElo "1937"]
[BlackElo "2260"]
[WhiteTeam "SC Vaterstetten"]
[BlackTeam "Sfr. Heidesheim"]
[WhiteFideId "24664090"]
[BlackFideId "24692050"]
[EventCountry "GER"]
[EventRounds "7"]
[EventType "team-swiss"]
[EventDate "2012.12.26"]

1. Nf3 c5 2. g3 Nc6 3. Bg2 g6 4. O-O Bg7 5. d3 d6 6. c4 e6 7. Nc3 Nge7 8. a3 b6
9. Qc2 O-O 10. Rb1 Bb7 11. b4 Qd7 12. Bd2 h6 13. Rb3 f5 14. Rfb1 g5 15. e3 Ng6
16. Ne2 Nce5 17. Ne1 Bxg2 18. Kxg2 g4 19. bxc5 dxc5 20. Bc3 Nf3 21. Nf4 Nxf4+
22. gxf4 Nh4+ 23. Kg1 Rf7 24. Ng2 Nf3+ 25. Kf1 Nxh2+ 26. Ke2 Qc6 27. Nh4 Nf3
28. Ng6 Kh7 29. Bxg7 Rxg7 30. Ne5 Nxe5 31. fxe5 Qf3+ 32. Ke1 g3 33. fxg3 Qxe3+
34. Qe2 Qxg3+ 35. Kd2 Rag8 36. a4 Qf4+ 0-1

[Event "DVM U20 2012"]
[Site "Osnabrück GER"]
[Date "2012.12.27"]
[Round "2"]
[White "Nitsche-Hahn, Maxim"]
[Black "Perske, Thore"]
[Result "1/2-1/2"]
[Termination "normal"]
[Board "8.3"]
[WhiteElo "1861"]
[BlackElo "2068"]
[WhiteTeam "SC Vaterstetten"]
[BlackTeam "Sfr. Heidesheim"]
[WhiteFideId "4613090"]
[BlackFideId "12902195"]
[EventCountry "GER"]
[EventRounds "7"]
[EventType "team-swiss"]
[EventDate "2012.12.26"]

1. d4 Nf6 2. Nf3 g6 3. e3 Bg7 4. b3 O-O 5. Bb2 b6 6. Be2 Bb7 7. O-O d6 8. Nbd2
c5 9. c4 Nfd7 10. Qc2 e5 11. dxe5 dxe5 12. Rfd1 f5 13. Nb1 Qe7 14. Nc3 e4 15.
Ne1 Ne5 16. Nd5 Bxd5 17. cxd5 Qd6 18. h3 Nbd7 19. Bc4 g5 20. Be2 Rad8 21. Rd2
Nf6 22. Rad1 h5 23. Bxe5 Qxe5 24. d6 g4 25. hxg4 hxg4 26. Bc4+ Kh7 27. g3 Bh6
28. Ng2 Kg7 29. Nh4 Bg5 30. Qb2 Qxb2 31. Rxb2 Bxh4 32. gxh4 Rh8 33. Rbd2 Rxh4
34. d7 Kg6 35. Be6 Kg5 36. Rd6 g3 37. fxg3 Rh3 38. Kg2 Rdh8 39. Rg1 Rh2+ 40.
Kf1 Rxa2 41. d8=Q Rxd8 42. Rxd8 Ng4 43. Rg8+ Kf6 44. Rxg4 fxg4 45. Bxg4 a5 46.
Bd7 Rb2 47. Ba4 b5 48. Bxb5 Rxb3 49. Bc6 Rxe3 1/2-1/2

[Event "DVM U20 2012"]
[Site "Osnabrück GER"]
[Date "2012.12.27"]
[Round "2"]
[White "Faldum, Manfred"]
[Black "Heimbächer, Moritz"]
[Result "1-0"]
[Termination "normal"]
[Board "8.4"]
[WhiteElo "1919"]
[BlackElo "1807"]
[WhiteTeam "Sfr. Heidesheim"]
[BlackTeam "SC Vaterstetten"]
[WhiteFideId "12921459"]
[BlackFideId "1270962"]
[EventCountry "GER"]
[EventRounds "7"]
[EventType "team-swiss"]
[EventDate "2012.12.26"]

1. Nf3 d5 2. g3 Nf6 3. Bg2 Nc6 4. c4 d4 5. d3 e5 6. O-O Bg4 7. Nbd2 Bd6 8. a3
Qd7 9. b4 a6 10. c5 Be7 11. Nc4 Qe6 12. Qa4 O-O 13. Ng5 Qd7 14. Bxc6 bxc6 15.
Nxe5 Qf5 16. Nxc6 Rfe8 17. Qb3 Nd5 18. Nxd4 Qe5 19. Ngf3 Qh5 20. Ng5 Bxg5 21.
Qxd5 Rad8 22. Qxg5 Rxd4 23. Qxh5 Bxh5 24. Ra2 f6 25. Be3 Rd7 26. Rd1 1-0

[Event "DVM U20 2012"]
[Site "Osnabrück GER"]
[Date "2012.12.27"]
[Round "2"]
[White "Süß, Christian"]
[Black "Luzius, Jannik"]
[Result "0-1"]
[Termination "normal"]
[Board "8.5"]
[WhiteElo "1460"]
[BlackElo "1652"]
[WhiteTeam "SC Vaterstetten"]
[BlackTeam "Sfr. Heidesheim"]
[WhiteFideId "12964280"]
[BlackFideId "1271981"]
[EventCountry "GER"]
[EventRounds "7"]
[EventType "team-swiss"]
[EventDate "2012.12.26"]

1. e4 c5 2. Nf3 g6 3. Bc4 Bg7 4. Nc3 Nc6 5. d3 d6 6. Bb5 Bd7 7. Bf4 Nf6 8. Rb1
a6 9. Bxc6 Bxc6 10. O-O O-O 11. a3 a5 12. Re1 Qb8 13. Bd2 Nd7 14. b4 axb4 15.
axb4 b5 16. bxc5 b4 17. cxd6 Qxd6 18. Nd5 Bxd5 19. exd5 Rfb8 20. Re2 Ne5 21.
Nxe5 Bxe5 22. g3 Qxd5 23. Bxb4 Bf6 24. Bxe7 Rxb1 25. Qxb1 Ra1 26. Qxa1 Bxa1 27.
Bb4 h5 28. Rd2 Qd4 29. Rd1 Bc3 30. Be7 Bb4 31. Bxb4 Qxb4 32. c4 Qb3 33. Rd2 Qc3
34. Re2 Qxd3 35. Re8+ Kg7 36. Rc8 Qb1+ 0-1

[Event "DVM U20 2012"]
[Site "Osnabrück GER"]
[Date "2012.12.27"]
[Round "2"]
[White "Spielberger, Moritz"]
[Black "Galensowske, Nikolas"]
[Result "1-0"]
[Termination "normal"]
[Board "8.6"]
[WhiteElo "1521"]
[BlackElo "1439"]
[WhiteTeam "Sfr. Heidesheim"]
[BlackTeam "SC Vaterstetten"]
[WhiteFideId "12925950"]
[BlackFideId "12964298"]
[EventCountry "GER"]
[EventRounds "7"]
[EventType "team-swiss"]
[EventDate "2012.12.26"]

1. e4 e5 2. Bc4 Nf6 3. d3 Bc5 4. Nf3 d6 5. h3 Be6 6. Nbd2 O-O 7. Bb3 Nc6 8. c3
d5 9. Qe2 Qd6 10. Bc2 d4 11. Nf1 a5 12. Ng3 Ne7 13. Nh4 Qd7 14. Qf3 Ng6 15.
Nhf5 Ne8 16. Nh5 f6 17. g4 Be7 18. h4 Qd8 19. Nhg3 Rf7 20. Nxe7+ Nxe7 21. Nf5
Kh8 22. Qg3 Qd7 23. Ke2 c5 24. f4 Nc6 25. c4 a4 26. a3 Nc7 27. h5 h6 28. Nxh6
Rff8 29. Nf5 Rg8 30. Bd2 Rab8 31. Bxa4 b5 32. cxb5 Nxb5 33. h6 g6 34. h7 Rgf8
35. Nh4 Bf7 36. f5 Ne7 37. fxg6 Nxg6 38. Nxg6+ Bxg6 39. b4 Nc3+ 40. Bxc3 Qxa4
41. Bd2 Rf7 42. g5 Rxh7 43. Rxh7+ Kxh7 44. gxf6 cxb4 45. Rh1+ 1-0